000 00471nam a22001817a 4500
999 _c6939
_d6937
005 20210904120658.0
008 200608b xxu||||| |||| 00| 0 eng d
020 _a978-81-940036-5-6
041 _aeng
082 _a344.5409
100 _aJAIN PROF RATAN LAL
_95877
245 _aLEGAL LANGUAGE / WRITING INCLDING GENERAL ENGLISH
250 _a6TH ED. 2019
260 _aALLAHABAD
_bCENTRAL LAW AGENCY
300 _a496; xviii.p
650 _aLAW
_95701
942 _cBK